Chelsea FC since 2012/13 - Statistics

General Stats
  • This quiz has been taken 102 times
  • The average score is 39 of 76
Answer Stats
Hint Answer % Correct
GK Cech
94%
DEF Terry
94%
FWD Drogba
91%
FWD* Hazard
90%
MID Lampard
89%
DEF* Cahill
86%
GK Courtois
85%
MID* Kante
84%
MID* Willian
84%
FWD Ba
83%
DEF Azpilicueta
80%
DEF* Luiz
79%
DEF* Alonso
78%
GK* Kepa
78%
FWD Costa
77%
FWD* Morata
75%
FWD* Pedro
75%
MID Mata
74%
MID Matic
74%
FWD Torres
74%
MID Fabregas
73%
DEF Ivanovic
73%
MID Oscar
72%
DEF* Rudiger
72%
GK* Caballero
69%
MID Ramires
67%
DEF Cole
65%
MID* Jorginho
63%
MID Mikel
63%
DEF* Moses
63%
MID Loftus-cheek
59%
FWD Salah
58%
DEF* Christensen
57%
FWD* Giroud
57%
MID Kovacic
53%
FWD* Hudson-odoi
52%
FWD Schurrle
52%
MID* Barkley
51%
DEF* Emerson
51%
DEF** Zouma
51%
DEF* Zappacosta
49%
DEF Bertrand
48%
MID Malouda
48%
FWD** Abraham
47%
MID** Bakayoko
46%
MID* Drinkwater
46%
GK Begovic
44%
FWD** Batshuayi
43%
DEF Luis
43%
GK Turnbull
43%
FWD Eto'o
36%
DEF Ake
35%
DEF Ferreira
35%
FWD Remy
32%
MID** van Ginkel
31%
FWD Falcao
30%
GK Schwarzer
28%
MID Cuadrado
27%
MID Marin
26%
DEF** Baba rahman
25%
MID Chalobah
23%
FWD Pato
23%
MID Romeu
23%
MID** Musonda
22%
FWD Solanke
22%
DEF** Kalas
21%
FWD** Kenedy
21%
DEF** Miazga
21%
DEF* Ampadu
20%
DEF** Aina
17%
FWD Traore
17%
MID Benayoun
16%
MID** Palmer
11%
MID** Baker
10%
MID** Boga
9%
FWD Brown
9%
No matching quizzes found
Score Distribution
Percent of People with Each Score
Percentile by Number Answered
Your Score History
You have not taken this quiz